01315cam a2200289 a 4500001000500000005001700005020001700022040002300039050001500062082001200077100002400089245018500113260003700298300003900335490003000374500002900404505000800433520018500441521002000626521002000646700003200666906004500698942001500743999001500758952012600773952012600899146220230908150032.0 a090129003990 aDLCcDLCdDLCbeng00aPZ7.O8116700aFic2221 aOsborne, Mary Pope.10aAmerican Revolution :ba nonfiction companion to Magic tree house #22 : Revolutionary War on Wednesday /cby Mary Pope Osborne and Natalie Pope Boyce ; illustrated by Sal Murdocca. aNew York :bRandom House,c2011. a69 pages :billustrations ;c20 cm aMagic Tree HousevBook 22 a"A stepping stone book." aI  aUsing their magic tree house, Jack and Annie travel back to the time of the American Revolution and help General George Washington during his famous crossing of the Delaware River. a450 bLexile  aI bRaz-Plus 1 aMurdocca, Sal.eillustrator a7bcbccorignewd1eecipf20gy-gencatlg 2ddccBKn0 c1462d1462 00102ddc40708JUVFa001b001cTTPd2023-08-25l0oOSB Fic PZ7.O81167pFIS00055r2023-08-25 12:05:40t1w2023-08-25yBK 00102ddc40708JUVFa001b001cTTPd2023-08-25l0oOSB Fic PZ7.O81167pFIS02110r2023-08-25 12:05:54t2w2023-08-25yBK